000 00346nam a22001337a 4500
008 180917b xxu||||| |||| 00| 0 eng d
020 _a9780323039017
041 _aeng
080 _a610.73
100 _a2
101 _aNUR
245 _aComprehensive Review Nursing For The Nclex RN Examination
_cPelikan .S.N
942 _2udc
_cBK
999 _c47867
_d47867